Štýl vedenia pracovnej skupiny a pracovná spokojnosť

Súvislosti medzi pracovnou spokojnosťou a štýlom vedenia orientovaným na dobré medziľudské vzťahy a štýlom vedenia orientovaným na pracovné úlohy. Výskumnou metódou je dotazník vlastnej konštrukcie, zložený z troch častí. Prvé dve časti obsahujú položky, ktorými sa zisťuje pracovná spokojnosť, treti...

Full description

Saved in:
Bibliographic Details
Main Author: Flešková, Marta
Format: Book Chapter
Language:Slovak
Subjects:
Tags: Add Tag
No Tags, Be the first to tag this record!

MARC

LEADER 00000naa a2200000 4500
001 0164211
005 20220421121620.4
041 0 |a slo 
044 |a SK 
245 1 0 |a Štýl vedenia pracovnej skupiny a pracovná spokojnosť  |c Marta Flešková 
520 |a Súvislosti medzi pracovnou spokojnosťou a štýlom vedenia orientovaným na dobré medziľudské vzťahy a štýlom vedenia orientovaným na pracovné úlohy. Výskumnou metódou je dotazník vlastnej konštrukcie, zložený z troch častí. Prvé dve časti obsahujú položky, ktorými sa zisťuje pracovná spokojnosť, tretia časť obsahuje položky, ktorými sa hodnotí štýl vedenia pracovnej skupiny. Výskumnú vzorku tvorilo 106 zamestnancov telekomunikačnej spoločnosti. 
610 2 0 |a štýl vedenia 
610 2 0 |a vzťahy medziľudské 
610 2 0 |a vzťahy pracovné 
610 2 0 |a skupiny pracovné 
610 2 0 |a štýl pracovný 
100 1 |a Flešková, Marta